000 01367cam a2200229 4500
001 ABS63555
008 000000n2001 000 0 eng u
035 _a(Sirsi) u111134
245 _aBud and Jet Ltd v Warrington BC
260 _c2001
490 _aRating and Valuation Reporter
_v[2001] RVR 22-24(3)
520 _aLT 8 December 1999. The claimant B sought compensation for its leasehold interest in a garage and land south of and adjoining Liverpool to Manchester main line railway and adjoining Allen Street, Warrington which had been compulsory purchased. Claim for the value of the leasehold interest and for loss of profits and disturbance. Three preliminary issues raised: A) length of period the profit should apply; B) whether deductions for head office expenses should be made; C) whether appropriate to take into account future profits. "Held" under the Land Compensation Act 1961 s(2) the compensation payable was the amount which the land if sold in the open market might be expected to reach..
590 _aABS
650 _aLOSS OF PROFITS
650 _aCAPITALISATION
650 _aTOTAL EXTINGUISHMENT
650 _aCOMPENSATION
650 _aLEASEHOLD INTEREST
650 _aBUD & JET LTD V WARRINGTON BC
690 _aENVIRONMENTAL AND LAND CONSULTANCY-PLANNING AND DEVELOPMENT-COMPULSORY PURCHASE AND COMPENSATION
942 _n0
999 _c66211
_d66211